000 00489nam a2200181Ia 4500
008 240925s9999 xx 000 0 und d
020 _a9789332571204
082 _a658 MUL
100 _aMullins, Lourie J.; Christy, Gill
245 0 _aManagement and Organizational Behavior
250 _a10th
260 _aUttar Pradesh:
_bPearson Education Inc
_c,2016.
300 _a215p.
_b0
_fOriginal
500 _aIncludes Index
600 _aManagement
650 _aManagement
942 _cBK
999 _c17074
_d17074